Android chatbot aplikácia s využitím NoSQL cloud databázy

Guardado en:
Detalles Bibliográficos
Autor principal: Kukumberg, Tomáš (Autor)
Otros Autores: Drozda, Martin (Orientador)
Formato: Manuscrito Libro
Lenguaje:eslovaco
Publicado: Bratislava : STU v Bratislave FEI, 2021
Materias:
Acceso en línea:https://opac.crzp.sk/?fn=detailBiblioForm&sid=38F43C5054BC4F7F2DB5C7F31F28&seo=CRZP-detail-kniha
Etiquetas: Agregar Etiqueta
Sin Etiquetas, Sea el primero en etiquetar este registro!

MARC

LEADER 00000ntm a22000003a 4500
001 stuzp85110
003 SK-STU
005 20220118114907.4
007 ta
008 150427s2015----xo-----f-mn---000-0-slo-d
040 |a STU  |b slo 
041 0 |a slo 
044 |a xo 
100 1 |a Kukumberg, Tomáš  |u 035000  |4 aut  |U FEI Fakulta elektrotechniky a informatiky  |T FEI Ústav informatiky a matematiky  |X 79631  |U E050  |Y 816  |7 79631 
242 0 1 |a Android chatbot application with NoSQL cloud database  |y eng 
245 1 0 |a Android chatbot aplikácia s využitím NoSQL cloud databázy 
260 |a Bratislava :  |b STU v Bratislave FEI,  |c 2021 
300 |a 62 s., príl. 
650 4 |a Chatbot  |2 slo 
650 4 |a NOSQL  |2 slo 
650 4 |a Cloud  |2 slo 
650 4 |a Databáza  |2 slo 
650 4 |a Android  |2 slo 
650 4 |a Java  |2 slo 
650 4 |a Firebase  |2 slo 
650 4 |a Brainshop  |2 slo 
650 4 |a NOSQL  |2 eng 
650 4 |a Cloud  |2 eng 
650 4 |a Database  |2 eng 
650 4 |a Android  |2 eng 
650 4 |a Java  |2 eng 
650 4 |a Chatbot  |2 eng 
650 4 |a Firebase  |2 eng 
650 4 |a Brainshop  |2 eng 
700 1 |a Drozda, Martin  |u 035000  |k Z1  |4 ths  |U FEI Fakulta elektrotechniky a informatiky  |T FEI Ústav informatiky a matematiky  |X 71006  |U E050  |Y 816  |7 A000071006 
856 4 |u https://opac.crzp.sk/?fn=detailBiblioForm&sid=38F43C5054BC4F7F2DB5C7F31F28&seo=CRZP-detail-kniha